000 01569nam a2200277 a 4500
001 000003353
005 20200929150424.0
008 090708s2009 dr 001 0 spa d
020 _a9789945862546
040 _aDO-SdBNP
_bspa
_cBNPHU
082 _a302.23
_bD542f
100 1 _aDíaz, Cándida
_910509
245 1 0 _aFundamentación y estrategia para el análisis hemerocrítico de diversos textos /
_cCándida Díaz.
260 _aSanto Domingo :
_bBúho,
_c2009.
300 _a152 p. ;
_c29 cm.
500 _aIncluye datos biográficos del autor en la contracubierta.
500 _aGlosario: p. 147-150.
504 _aBibliografía : p.151-152.
505 0 _gPrólogo /
_rManuel Matos Moquete --
_tFundamentación teórica --
_tLa hemerocrítica --
_tLa lectura de los mensajes desde la semiótica discursiva --
_tLa comunicación es un código --
_tEl mensaje publicitario --
_tLas aportaciones de la semiótica y el estructuralismo en los mensajes --
_tEl periodismo: su técnica de redacción --
_tEl editorial --
_tEl comentario --
_tLa noticia --
_tEl reportaje --
_tLa entrevista --
_tQue es la crónica periodística?
_tCómo titular la información periodística?
_tEl hombre y la libertad de prensa --
_tMedios de masas y la opinión pública --
_tPeriodismo digital --
_gGlosario --
_gBibliografía.
590 _aInventariado, 2018/BT
650 4 _aComunicacion
_xAspectos sociales
_91659
650 4 _aPeriodismo
_xArte de escribir
_927
650 4 _aSemiótica
_94668
650 4 _aMedios de comunicación de masas
_950
910 _aValidado. Control de calidad. EMS
999 _c3184
_d3184